Detalles MARC
| 000 -CABECERA |
| campo de control de longitud fija |
02339nam a2200265 i 4500 |
| 001 - NÚMERO DE CONTROL |
| campo de control |
18399 |
| 003 - IDENTIFICADOR DEL NÚMERO DE CONTROL |
| campo de control |
DO-SdUEMH |
| 005 - FECHA Y HORA DE LA ÚLTIMA TRANSACCIÓN |
| campo de control |
20260307155333.0 |
| 007 - CAMPO FIJO DE DESCRIPCIÓN FÍSICA--INFORMACIÓN GENERAL |
| campo de control de longitud fija |
ta |
| 008 - DATOS DE LONGITUD FIJA--INFORMACIÓN GENERAL |
| campo de control de longitud fija |
260307b2003 ag a|||gr|||| 00| 0 spa d |
| 020 ## - NÚMERO INTERNACIONAL ESTÁNDAR DEL LIBRO |
| Número Internacional Estándar del Libro |
9786287528444 |
| 040 ## - FUENTE DE LA CATALOGACIÓN |
| Centro catalogador/agencia de origen |
DO-SdUEMH |
| Lengua de catalogación |
spa |
| Normas de descripción |
rda |
| 041 ## - CÓDIGO DE LENGUA |
| Código de lengua del texto/banda sonora o título independiente |
spa |
| 082 14 - NÚMERO DE LA CLASIFICACIÓN DECIMAL DEWEY |
| Colección |
Colección Dominicana |
| Número de documento/Ítem |
G922a |
| 100 ## - ENTRADA PRINCIPAL--NOMBRE DE PERSONA |
| Término indicativo de función/relación |
autora |
| 245 10 - MENCIÓN DE TÍTULO |
| Título |
Abordaje clínico integral de mínima intervención de la lesión de caries dental : |
| Resto del título |
diagnóstico, biomateriales y tratamiento / |
| Mención de responsabilidad, etc. |
Sylvia Gudiño-Fernández |
| 264 01 - PRODUCCIÓN, PUBLICACIÓN, DISTRIBUCIÓN, FABRICACIÓN Y COPYRIGHT |
| Lugar de producción, publicación, distribución, fabricación |
Argentina : |
| Nombre del de productor, editor, distribuidor, fabricante |
amolca, S. A. S. |
| Fecha de producción, publicación, distribución, fabricación o copyright |
2023 |
| 300 ## - DESCRIPCIÓN FÍSICA |
| Extensión |
xvii, 315 paginas : |
| Otras características físicas |
ilustraciones ; |
| Dimensiones |
29 cm. |
| 336 ## - TIPO DE CONTENIDO |
| Fuente |
rdacontent |
| Término de tipo de contenido |
texto |
| Código de tipo de contenido |
txt |
| 337 ## - TIPO DE MEDIO |
| Fuente |
rdamedia |
| Nombre del tipo de medio |
sin mediación |
| Código del tipo de medio |
n |
| 338 ## - TIPO DE SOPORTE |
| Fuente |
rdacarrier |
| Nombre del tipo de soporte |
volumen |
| Código del tipo de soporte |
nc |
| 504 ## - NOTA DE BIBLIOGRAFÍA, ETC. |
| Nota de bibliografía, etc. |
Bibliógrafas al final de cada capítulo |
| 505 #1 - NOTA DE CONTENIDO CON FORMATO |
| Nota de contenido con formato |
Odontología de mínima intervención, con énfasis en el riesgo de caries dental -- Introducción a la cariología y a los abordajes clínicos mínimamente invasivos -- El biofluido salival y la enfermedad de caries dental -- Microbiología de la biopelícula dental y su relación con el proceso carioso -- Progresión de la lesión cariosa y su microbiopatología -- Diagnóstico clínico de las lesiones de caries: valoración, detección y clasificación -- Diagnóstico radiológico complementario de las lesiones de caries y su clasificación -- Programa educativo para la salud bucal en el consultorio odontológico y en el hogar -- Higiene bucal y control mecánico del biofilm dental -- Agentes para el control químico del biofilm dental -- El futuro: cómo mantener los dientes libres de caries dental (protocolo CAMBRA pediátrico) -- La dieta y su impacto en la caries dental -- Fluorterapia y mínima intervención en caries -- Selladores preventivos y terapéuticos: una actuación basada en la evidencia -- Terapias remineralizantes para las lesiones cariosas -- Tratamiento restaurador atraumático (ART): una alternativa preventiva, terapéutica y restauradora -- Nuevos materiales bioactivos -- Remoción químico-mecánica de las lesiones cariosas -- Resinas infiltrantes -- Hipomineralización molar: descripción clínica, propiedades estructurales, epidemiología y tratamiento -- Desgastes dentales en niños y adolescentes por causas no bacterianas, con énfasis en la erosión. |
| 942 ## - ELEMENTOS DE PUNTO DE ACCESO ADICIONAL (KOHA) |
| Fuente del sistema de clasificación o colocación |
Dewey Decimal Classification |
| Suprimir en OPAC |
No |
| Tipo de ítem Koha |
Libro |